000 00638nam a2200193 i 4500
001 25214
003 ES-MaACL
005 20250502063012.0
007 t|
008 021223s1977 sp ||||1| spa d
100 1 _aIbárruri, Dolores,
_d1895-1989
_9240176
245 1 0 _aDolores Ibárruri /
_cDolores Ibárruri ; [reportajes y entrevistas por] Luis Haranburu, Peru Erroteta.
260 _a[San Sebastián] :
_bL. Haranburu,
_c[1977]
300 _a103 p., 8 lám. ;
_c21 cm.
700 1 _aHaranburu-Altuna, Luis.
_961796
700 1 _aErroteta, Peru.
_947436
852 _aES-MaACL
_jA-7154
_bR.95932
999 _c25214
_d25214